00423nam a2200157Ia 4500001000500000005001700005008004100022041000800063082001700071100004000088245008400128260000900212300002800221650000800249654000800257930220260306161708.0260306t2013||||xx |||||||||||||| ||spa|| aESP a378.1bA133R aAgejas Esteban, José ÁngeleAUT 0aLa ruta del encuentro:buna propuesta de formación integral en la universidad c2013 a378 páginas :c23 cm. aGEN aCED